| 000 | 01338nam a22002417a 4500 | ||
|---|---|---|---|
| 999 |
_c63454 _d63454 |
||
| 003 | Ge_BSU | ||
| 005 | 20251013172400.0 | ||
| 008 | 251013s2005 ge ||||| |||| 00| 0 geo d | ||
| 020 | _a9994012592 | ||
| 041 | _ageo | ||
| 080 | _a338.22(075.8) : 811.111(075.8) ბ-66 | ||
| 100 |
_aენუქიძე, რ. _911867 |
||
| 245 |
_aბიზნესის ენა სტუდენტებისათვის = Business English for Students : _b[სახელმძღვანელო] / _cრ. ენუქიძე, თ. ჯაში, ც. ბოცვაძე, თ. ჩხეიძე ; რედაქტორი ნანა მამაცაშვილი. |
||
| 264 |
_aთბილისი : _bთბილისის უნივერსიტეტის გამომცემლობა, _c2005. |
||
| 300 |
_a228 გვ. : _bილ. ; _c28 სმ. |
||
| 500 | _aყდა ინგლისურ ენაზე. | ||
| 653 | _aინგლისური ენა | ||
| 700 |
_aჯაში, თ. _eავტორი _926014 |
||
| 700 |
_aბოცვაძე, ც. _eავტორი _926015 |
||
| 700 |
_aჩხეიძე, თ. _eავტორი _926016 |
||
| 700 |
_aმამაცაშვილი, ნანა _eრედაქტორი _926017 |
||
| 942 |
_2udc _cᲬᲘᲒᲜᲘ |
||